000 00853cab a2200289 4500
001 WB3144-17
008 090401t1995 xxu||||| |||| 00| 0 eng d
035 _a(Sirsi) u35183
041 _aeng
245 _aNorth East zoning to attract funds
260 _c1995
350 _a0
490 _aEstates Gazette
_v(9546) 18 November 1995, 32(1)
520 _aThe DoE is launching three new enterprise zones in areas previously devastated by pit closures, and expect to attract enterprise funds.
650 _aCOAL MINING AREAS
650 _aDEARNE VALLEY
650 _aDURHAM
650 _aENTERPRISE ZONES
650 _aNORTHEAST ENGLAND
650 _aNORTH TYNESIDE
650 _aPIT CLOSURES
650 _aURBAN REGENERATION
650 _aYORKSHIRE
690 _aPROPERTY-PROPERTY DEVELOPMENT
942 _n0
948 _c04/03/1997
999 _c23076
_d23076